书目信息 |
| 题名: |
幸运的朝圣者
|
|
| 作者: | 普佐 , 普佐 著 ;邓文华 译 | |
| 分册: | ||
| 出版信息: | 重庆 重庆出版社 2006 |
|
| 页数: | 260页 | |
| 开本: | 21cm | |
| 丛书名: | ||
| 单 册: | ||
| 中图分类: | I712.45 | |
| 科图分类: | ||
| 主题词: | 长篇小说--Chang Pian Xiao Shuo--美国--现代 , 文学 | |
| 电子资源: | ||
| ISBN: | 7-5366-6584-9 | |
| 000 | 00850nam0 2200277 450 | |
| 001 | CAL 012006011108 | |
| 005 | 20061120161527.38 | |
| 010 | @a7-5366-6584-9@dCNY 18.00 | |
| 099 | @aCAL 012006011108 | |
| 100 | @a20050916d2006 ekmy0chiy0121 ea | |
| 101 | 1 | @achi@ceng |
| 102 | @aCN@b500000 | |
| 105 | @ay z 000ay | |
| 200 | 1 | @a幸运的朝圣者@AXing Yun De Chao Sheng Zhe@d= The fortunate pilgrim@f(美)普佐著@F(mei)pu zuo zhu@g邓文华译@zeng |
| 210 | @a重庆@c重庆出版社@d2006 | |
| 215 | @a260页@d21cm | |
| 510 | 1 | @aFortunate pilgrim@zeng |
| 606 | 0 | @a长篇小说@AChang Pian Xiao Shuo@y美国@z现代 |
| 606 | 0 | @a文学 |
| 690 | @aI712.45@v4 | |
| 701 | 1 | @a普佐@APu Zuo@g(Puzo, Mario),@f?-1999@4著 |
| 701 | 0 | @a普佐@Apu zuo@4著 |
| 702 | 0 | @a邓文华@ADeng Wen Hua@4译 |
| 801 | @aCN@c20061120 | |
| 905 | @a10447@dI712.45@eP986 | |
| 998 | @aNUL | |
| 幸运的朝圣者= The fortunate pilgrim/(美)普佐著/邓文华译.-重庆:重庆出版社,2006 |
| 260页;21cm |
| ISBN 7-5366-6584-9:CNY 18.00 |
| ● |
| 相关链接 |
|
|
|
正题名:幸运的朝圣者
索取号:I712.45/P986
 
预约/预借
| 序号 | 登录号 | 条形码 | 馆藏地/架位号 | 状态 | 备注 |
| 1 | 610999 | 206109995 | 文学库116/116文学库 28排5列5层/ [索取号:I712.45/P986] | 在馆 | |
| 2 | 611000 | 206110000 | 社科二线400B/108文学库 68排1列5层/ [索取号:I712.45/P986] | 在馆 | |
| 3 | 611001 | 206110019 | 文学库116/116文学库 28排5列5层/ [索取号:I712.45/P986] | 在馆 |